Kingdome Come: Deliverance - názvy měst a vesnic - Statistics

General Stats
  • This quiz has been taken 19 times
  • The average score is 8 of 13
Answer Stats
Hint Answer % Correct
vesnice Skalice
94%
město Rataje nad Sázavou
88%
město Sázava
88%
vesnice Mrchojedy
63%
vesnice Talmberk
63%
vesnice Ledečko
56%
vesnice Samopše
56%
vesnice Úžice
56%
statek Neuhof
50%
vesnice Přibyslavice
50%
tábor Vraník
44%
vesnice Rovná
38%
klášter Sázavský klášter
31%
No matching quizzes found
Score Distribution
Percent of People with Each Score
Percentile by Number Answered
Your Score History
You have not taken this quiz